|
|
|
|
| LEADER |
00647cam a2200205 7i4500 |
| 001 |
0000032245 |
| 005 |
20150618090000.0 |
| 020 |
0 |
0 |
|a 9781118870259
|
| 090 |
0 |
0 |
|a B 658.409082
|b HUM
|
| 100 |
1 |
0 |
|a Humphrey, Judith
|
| 245 |
1 |
0 |
|a Taking the stage :
|b how women can speak up, stand out, and succeed.
|
| 260 |
0 |
0 |
|a San Francisco, CA:
|b Jossey-Bass,
|c 2014.
|
| 300 |
# |
# |
|a 225 pages.
|
| 650 |
0 |
0 |
|a Communication in management
|
| 650 |
0 |
0 |
|a Career development
|
| 650 |
0 |
0 |
|a Women executives
|
| 650 |
0 |
0 |
|a Leadership in women
|
| 650 |
0 |
0 |
|a Public speaking for women
|
| 650 |
0 |
0 |
|a Oral communication
|
| 999 |
|
|
|a B000036012
|b Book
|c Book
|e Business Information Centre
|